El empate moral : un mito vergonzante /

Detalles Bibliográficos
Autor principal: Brinkmann, Beatriz
Formato: Libro
Lenguaje:inglés
Publicado: Santiago, Chile CINTRAS 2011
Acceso en línea:

MARC

LEADER 00000cam a2200000 a 4500
001 038950
003 UAHC_CL
005 20170803124322.0
008 011023b xx j 000 1 eng
022 |a 07171471 
040 |a UAHC_CL  |c UAHC_CL  |d UAHC_CL 
100 1 |a Brinkmann, Beatriz 
245 1 3 |a El empate moral :  |b un mito vergonzante /  |c Beatriz Brinkmann. 
260 |c 2011  |a Santiago, Chile  |b CINTRAS 
300 |a p. 15-19 
500 |a En: Reflexión derechos humanos y salud mental, 2011, no.41, p.14-19. ISSN 0717-1471. 
900 |a REFLEXION DERECHOS HUMANOS-41/11 
942 |c BK 
999 |c 38950  |d 38950